|
|
|
|
| LEADER |
00000 a2200000 4500 |
| 001 |
RU/ROS-EDU.RU/105792 |
| 856 |
4 |
|
|u https://www.ros-edu.ru/book?id=105792
|z Перейти к просмотру издания
|
| 010 |
|
|
|a 978-5-209-08815-8
|
| 100 |
|
|
|a 20180101d2018 |||y0rusy0250
|
| 105 |
|
|
|a y z 000zy
|
| 101 |
0 |
|
|a rus
|
| 102 |
|
|
|a RU
|
| 200 |
1 |
|
|a Вводный лексико-грамматический курс русского языка
|b Электронный ресурс
|e Учебно-методическое пособие для студентов-иностранцев I курса юридического института. II сертификационный уровень владения русским языком как иностранным в учебной и социально-профессиональной макросферах
|f М. Н. Куновски, А. Ю. Овчаренко
|g ред. В. В. Воробьёва
|
| 700 |
|
1 |
|b М. Н.
|a Куновски
|4 070
|
| 701 |
|
1 |
|b А. Ю.
|a Овчаренко
|4 070
|
| 702 |
|
1 |
|b В. В.
|a Воробьёва
|4 340
|
| 330 |
|
|
|a Предлагаемый «Вводный курс» адресован студентам-иностранцам I курса юридических вузов, а также иностранным магистрам и аспирантам, имеющим подготовку по русскому языку в объеме программы подготовительного факультета (I сертификационный уровень владения РКИ в учебной и социально-профессиональной макросферах). Основная цель – осуществить введение в курс языка специальности. Пособие построено на материале учебной и научной литературы, содержит типовые для научной речи синтаксические конструкции и терминологическую лексику по специальности «Юриспруденция». Подготовлено на кафедре русского языка Юридического института РУДН.
|
| 210 |
|
|
|a Москва
|c Российский университет дружбы народов
|d 2018
|
| 610 |
1 |
|
|a русский язык
|
| 610 |
1 |
|
|a иностранный студент
|
| 610 |
1 |
|
|a лексика
|
| 610 |
1 |
|
|a грамматика
|
| 610 |
1 |
|
|a юриспруденция
|
| 675 |
|
|
|a 372
|
| 686 |
|
|
|a 81.2
|2 rubbk
|
| 300 |
|
|
|a Книга находится в премиум-версии платформы «Русский как иностранный».
|
| 215 |
|
|
|a 75 с.
|